Interchange : (Record no. 12213)
[ view plain ]
| 000 -LEADER | |
|---|---|
| fixed length control field | 01514cam a22003735a 4500 |
| 003 - CONTROL NUMBER IDENTIFIER | |
| control field | EG-ScBUE |
| 005 - DATE AND TIME OF LATEST TRANSACTION | |
| control field | 20220523101329.0 |
| 008 - FIXED-LENGTH DATA ELEMENTS--GENERAL INFORMATION | |
| fixed length control field | 890726m19901998enka f 000 0 eng d |
| 020 ## - INTERNATIONAL STANDARD BOOK NUMBER | |
| International Standard Book Number | 0521359902 |
| 020 ## - INTERNATIONAL STANDARD BOOK NUMBER | |
| International Standard Book Number | 9780521359900 |
| 020 ## - INTERNATIONAL STANDARD BOOK NUMBER | |
| International Standard Book Number | 0521359880 |
| 020 ## - INTERNATIONAL STANDARD BOOK NUMBER | |
| International Standard Book Number | 9780521359887 |
| 040 ## - CATALOGING SOURCE | |
| Original cataloging agency | EG-ScBUE |
| Language of cataloging | eng |
| Description conventions | rda |
| Transcribing agency | EG-ScBUE |
| Modifying agency | EG-ScBUE |
| 082 04 - DEWEY DECIMAL CLASSIFICATION NUMBER | |
| Classification number | 428.24 |
| Item number | RIC |
| Edition number | 22 |
| 100 1# - MAIN ENTRY--PERSONAL NAME | |
| Personal name | Richards, Jack C, |
| Dates associated with a name | 1943- |
| Relator term | author. |
| 9 (RLIN) | 7619 |
| 245 10 - TITLE STATEMENT | |
| Title | Interchange : |
| Remainder of title | English for international communication. |
| Number of part/section of a work | 1, |
| Name of part/section of a work | Student's book / |
| Statement of responsibility, etc | Jack C. Richards, Jonathan Hull, Susan Proctor. |
| 246 30 - VARYING FORM OF TITLE | |
| Title proper/short title | Student's book |
| 250 ## - EDITION STATEMENT | |
| Edition statement | Twenty-second printing. |
| 264 #1 - PUBLICATION, DISTRIBUTION, ETC. (IMPRINT) | |
| Place of publication, distribution, etc | Cambridge : |
| Name of publisher, distributor, etc | Cambridge University Press, |
| Date of publication, distribution, etc | [between 1990 and 1998] |
| 300 ## - PHYSICAL DESCRIPTION | |
| Extent | 2 volumes : |
| Other physical details | illustrations ; |
| Dimensions | 28 cm |
| 336 ## - CONTENT TYPE | |
| Source | rdacontent |
| Content type term | text |
| Content type code | txt |
| 337 ## - MEDIA TYPE | |
| Source | rdamedia |
| Media type term | unmediated |
| Media type code | n |
| 338 ## - CARRIER TYPE | |
| Source | rdacarrier |
| Carrier type term | volume |
| Carrier type code | nc |
| 505 0# - FORMATTED CONTENTS NOTE | |
| Formatted contents note | Student's book -- Workbook. |
| 520 ## - SUMMARY, ETC. | |
| Summary, etc | Textbook for studying English as a foreign language providing activities and exercises to develop the skills of listening, speaking, reading, and writing. |
| 590 ## - LOCAL NOTE (RLIN) | |
| Local note | mohamed. |
| 650 #7 - SUBJECT ADDED ENTRY--TOPICAL TERM | |
| Topical term or geographic name as entry element | English language |
| Form subdivision | Textbooks for foreign speakers. |
| Source of heading or term | BUEsh |
| 9 (RLIN) | 7620 |
| 653 ## - INDEX TERM--UNCONTROLLED | |
| Resource For college | Humanities: English |
| Arrived date list | October2018 |
| -- | July2019 |
| 655 ## - INDEX TERM--GENRE/FORM | |
| Form subdivision | Reading book |
| 9 (RLIN) | 34232 |
| 700 1# - ADDED ENTRY--PERSONAL NAME | |
| Personal name | Hull, Jonathan, |
| Dates associated with a name | 1949- |
| Relator term | author. |
| 9 (RLIN) | 7623 |
| 700 1# - ADDED ENTRY--PERSONAL NAME | |
| Personal name | Proctor, Susan. |
| Dates associated with a name | 1945- |
| Relator term | author. |
| 9 (RLIN) | 7624 |
| 856 42 - ELECTRONIC LOCATION AND ACCESS | |
| Materials specified | Publisher description |
| Uniform Resource Identifier | <a href="http://www.loc.gov/catdir/description/cam023/89022101.html">http://www.loc.gov/catdir/description/cam023/89022101.html</a> |
| 942 ## - ADDED ENTRY ELEMENTS (KOHA) | |
| Source of classification or shelving scheme | Dewey Decimal Classification |
| Koha item type | Book - Borrowing |
| Withdrawn status | Lost status | Source of classification or shelving scheme | Materials specified (bound volume or other part) | Damaged status | Not for loan | Collection code | Home library | Current library | Shelving location | Date acquired | Source of acquisition | Cost, normal purchase price | Serial Enumeration / chronology | Total Checkouts | Total Renewals | Full call number | Barcode | Date last seen | Date checked out | Koha item type | Public note | Price effective from |
|---|---|---|---|---|---|---|---|---|---|---|---|---|---|---|---|---|---|---|---|---|---|---|
| Dewey Decimal Classification | Alahram | Central Library | Central Library | Second Floor | 06/07/2009 | Purchase | 36.90 | 72 | 2 | 9 | 428.24 RIC | 000016729 | 15/07/2025 | 05/09/2012 | Book - Borrowing | Student's Book1 | ||||||
| Dewey Decimal Classification | Alahram | Central Library | Central Library | Second Floor | 06/07/2009 | 36.90 | 72 | 428.24 RIC | 000016741 | 15/07/2025 | Book - Borrowing | Student's Book1 | 06/07/2009 | |||||||||
| Dewey Decimal Classification | Alahram | Central Library | Central Library | Second Floor | 06/07/2009 | 42.70 | 72 | 428.24 RIC | 000016732 | 15/07/2025 | Book - Borrowing | Student's Book1 | 06/07/2009 | |||||||||
| Dewey Decimal Classification | Alahram | Central Library | Central Library | Second Floor | 06/07/2009 | 36.90 | 72 | 428.24 RIC | 000016733 | 15/07/2025 | Book - Borrowing | Student's Book1 | 06/07/2009 | |||||||||
| Dewey Decimal Classification | Alahram | Central Library | Central Library | Second Floor | 06/07/2009 | 42.70 | 72 | 428.24 RIC | 000016734 | 15/07/2025 | Book - Borrowing | Student's Book1 | 06/07/2009 | |||||||||
| Dewey Decimal Classification | Alahram | Central Library | Central Library | Second Floor | 06/07/2009 | 42.70 | 72 | 1 | 11 | 428.24 RIC | 000016735 | 15/07/2025 | 24/02/2020 | Book - Borrowing | Student's Book1 | 06/07/2009 | ||||||
| Dewey Decimal Classification | Alahram | Central Library | Central Library | Second Floor | 06/07/2009 | 36.90 | 72 | 428.24 RIC | 000016736 | 15/07/2025 | Book - Borrowing | Student's Book1 | 06/07/2009 | |||||||||
| Dewey Decimal Classification | Alahram | Central Library | Central Library | Second Floor | 06/07/2009 | 40.80 | 72 | 428.24 RIC | 000016737 | 15/07/2025 | Book - Borrowing | Student's Book1 | 06/07/2009 | |||||||||
| Dewey Decimal Classification | Alahram | Central Library | Central Library | Second Floor | 04/07/2010 | 22.60 | 72 | 428.24 RIC | 000018589 | 15/07/2025 | Book - Borrowing | Workbook1 | 04/07/2010 | |||||||||
| Dewey Decimal Classification | Alahram | Central Library | Central Library | Second Floor | 04/07/2010 | 72.00 | 22.60 | 428.24 RIC | 000018614 | 15/07/2025 | NB - Book (Non borrowing) | Workbook1 | 04/07/2010 | |||||||||
| Dewey Decimal Classification | Alahram | Central Library | Central Library | Second Floor | 04/07/2010 | 22.60 | 72 | 428.24 RIC | 000018588 | 15/07/2025 | Book - Borrowing | Workbook1 | 04/07/2010 | |||||||||
| Dewey Decimal Classification | Alahram | Central Library | Central Library | Second Floor | 04/07/2010 | 22.60 | 72 | 3 | 9 | 428.24 RIC | 000018587 | 15/07/2025 | 05/09/2012 | Book - Borrowing | Workbook1 | 04/07/2010 |